• 首页
  • 本馆介绍
  • 公告通知
  • 最新文献
  • 馆藏检索
  • 电子资源
  • 读者导购
  • 参考咨询
  • 我的图书馆
  • 登录
  • 详细信息显示
  • 放入我的书架
  • 预约/预借图书
  • 作者相关作品
  • 分类相关作品
  • 丛书相关作品
  • 出版社相关作品

书目信息

  • 表格格式
  • 工作单格式
  • 卡片格式
题名:
世界之最
    
 
作者: ;上海科学技术出版社 编
分册: 三  
出版信息:    1986
页数: 156页
开本: 19cm
丛书名:
单 册:
中图分类: Z228
科图分类: 92.29
主题词: 科学知识--普及读物
电子资源:
ISBN:
000 00567nam0 2200205 45
001 0196101674
005 20060726155053.98
010    @dCNY0.42
100    @a19960719e19881986em y0chiy0120 ea
101 0  @achi
105    @af z 000yy
200 10 @a世界之最@Ashi jie zhi zui@h三@f上海科学技术出版社编
210    @d1986@h1988重印
215    @a156页@c照片@d19cm
606    @a科学知识@x普及读物
690    @aZ228@v3
692    @a92.29@v2
711 02 @a上海科学技术出版社@Ashang hai ke xue ji shu chu ban she@4编
801  0 @aCN@bTSSF@c20060726
905    @a10447@dZ228@e154:3
    
    世界之最.三/上海科学技术出版社编.-1986(1988重印)
    156页:照片;19cm
    
    
    ISBN :CNY0.42
    
●
相关链接 在E读中查询图书 在五车中查询图书 在当当中查询图书 在豆瓣中查询图书


正题名:世界之最     索取号:Z228/154:3         预约/预借

序号 登录号 条形码 馆藏地/架位号 状态 备注
1 0037343   000429708   第二样本阅览室/ [索取号:Z228/154:3] 在馆    
2 0424669   204246690   密集书库/ [索取号:Z228/154:3] 在馆    
唐山师范学院图书馆 欢迎您!
大连网信软件有限公司© 版权所有